000 00502 a2200205 4500
005 20250121103548.0
008 250120b |||||||| |||| 00| 0 eng d
020 _a9789356091795
_cRs. 1295.00
040 _aMAIN
082 _a535.58
_bT21L
100 _aTayagrajan, S
245 _aLaser physics
260 _bArihant Books
_c2022
_aNew Delhi
300 _aviii, 256
650 _aPhysics
650 _aLaser Physics
650 _aSolid State Laser
650 _aLaser Designs
942 _cBK
999 _c358413
_d358413